| 000 | 00672nam a22002177a 4500 | ||
|---|---|---|---|
| 003 | OSt | ||
| 005 | 20140310182021.0 | ||
| 008 | 130731t xxu||||| |||| 00| 0 eng d | ||
| 020 | _a9780195852059 | ||
| 050 |
_aPS 3511 _b.F553 1993 |
||
| 082 |
_aKF _bF75o#5 |
||
| 100 |
_aFitzgerald, F. Scott _96266 |
||
| 245 |
_aThe diamond as big as the ritz and other stories / _cF. Scott Fitzgerald. |
||
| 260 |
_aHongkong: _bOxford University Press, _c1993 |
||
| 300 |
_a121 p. ; _bill. ; _c21 p. ; |
||
| 541 | _j1 | ||
| 562 | _e1 | ||
| 650 |
_aUnited States -- _xSocial life and customs _x20th _xFiction _97068 |
||
| 700 |
_aFitzgerald, F. Scott _96266 |
||
| 942 |
_2lcc _cBK-KF _kKF |
||
| 999 |
_c8356 _d8356 |
||